QUICK MATH - Statistics

General Stats
  • This quiz has been taken 219 times
  • The average score is 17 of 20
Answer Stats
Hint Answer % Correct
1 + 1 2
100%
10/5 2
100%
2 + 2 4
99%
2 x 2 4
99%
2 x 4 8
99%
2 to the power of 3 8
99%
2 x 8 16
98%
2 x 16 32
97%
2 x 32 64
96%
2 x 64 128
95%
2 x 128 256
92%
2 x 512 1024
91%
2 x 1024 2048
89%
2 x 256 512
89%
2 x 2048 4096
85%
2 x 4096 8192
76%
50 x 5 250
68%
1000/20 50
65%
100 x 23 x 944 x 1023 x 99/40 x 2 x 0 x 5 0
58%
2 x 8192 16384
48%
No matching quizzes found
Score Distribution
Percent of People with Each Score
Percentile by Number Answered
Your Score History
You have not taken this quiz